Départements par plus chaude température enregistrée - Statistiques

Statistiques générales
  • Ce quiz a été pris 841 fois
    699 depuis la dernière actualisation
  • Le résultat moyen est 9 sur 18
Statistiques - réponses
Record Année Département % Correct
44,5°C 2019 Var
86%
44,4°C 2019 Bouches-du-Rhône
84%
46°C 2019 Hérault
75%
44,3°C 2019 Vaucluse
71%
45,9°C 2019 Gard
70%
43,5°C 1947 Rhône
58%
43,7°C 2023 Aude
56%
43,6°C 2023 Ardèche
54%
44°C 2019 Drôme
53%
44°C 1923 Haute-Garonne
51%
43,4°C 2022 Landes
51%
43,3°C 2023 Lot
48%
43,4°C 2009 Corse-du-Sud
47%
44°C 1947 Hautes-Pyrénées
22%
43,3°C 2019 Loiret
14%
43,7°C 1947 Indre
12%
44,4°C 2019 Cher
11%
43,6°C 2019 Seine-Maritime
3%
Aucun quiz correspondant
Distribution des résultats
% des personnes avec chaque résultat
Percentile par nombre de réponses
Votre historique - résultats
Vous n’avez pas pris ce quiz depuis la dernière actualisation